| 000 | 01537nam a2200373 i 4500 | ||
|---|---|---|---|
| 001 | 000022035 | ||
| 003 | DO-SdBNP | ||
| 005 | 20250422190038.0 | ||
| 007 | ta | ||
| 008 | 100916s1997 dr b 000 0 spa d | ||
| 040 |
_aDO-SdBNP _bspa _cBNPHU _erda |
||
| 082 | 4 |
_a327.097293 _bC532r _222 |
|
| 100 | 1 |
_aChez Checo, José, _d1949- _eautor _4aut. _910145 |
|
| 111 | 2 |
_aSimposio panamericano de historia _n(3 : _d1995 :sept. 25-29 : _cMéxico) _945682 |
|
| 245 | 1 | 3 |
_aLa República Dominicana y Haití : _bsíntesis histórica de un problema fronterizo / _cJosé Chez Checo |
| 250 | _aPrimera edición | ||
| 264 | 1 |
_aSanto Domingo : _bEditora Amigo del Hogar, _c1997. |
|
| 300 |
_a35 páginas : _bmapas ; _c19 cm. |
||
| 336 |
_atexto _btxt _2rdacontent |
||
| 337 |
_asin mediación _bn _2rdamedia |
||
| 338 |
_avolumen _bnc _2rdacarier |
||
| 490 | 1 |
_aHistoria total _v7 |
|
| 500 | _aIncluye referencias bibliográficas y notas al pie de las páginas | ||
| 500 | _aIncluye datos biográficos del autor en las solapas | ||
| 590 | _aInventariado, 2024/BT | ||
| 651 | 4 |
_aRepública Dominicana _xLímites _v Congresos, conferencias, etc. _z _977383 |
|
| 651 | 4 |
_aHaití _xLímites _v Congresos, conferencias, etc. _z _977384 |
|
| 651 | 4 |
_aRepública Dominicana _xEmigración e inmigración _xHistoria _92177 |
|
| 651 | 4 |
_aRepública Dominicana _xRelaciones _zHaití. _95153 |
|
| 651 | 4 |
_aRepublica Dominicana _xHistoria _9170 |
|
| 651 | 4 |
_aRepública Dominicana _xProblemas fronterizos. _977385 |
|
| 910 | _aVMateo | ||
| 942 |
_2ddc _cLF2 |
||
| 999 |
_c21533 _d21533 |
||